000 00697nam a2200217 i 4500
001 142863
003 ES-MaACL
005 20230906200637.0
007 t|
008 071010s1945 sp ||||1| spa d
080 _a616.61-053.2
100 1 _aVidal Jordana, Gregorio.
_9114495
245 1 0 _aNefropatías en la infancia /
_cG. Vidal Jordana.
260 _aBarcelona :
_bEdit. Modesto Usón,
_c1945.
300 _a167 p. :
_bil. ;
_c25 cm.
490 1 _aBiblioteca de actualidades en medicina práctica
650 1 4 _aNiños-
_xEnfermedades.
_915546
830 0 _aBiblioteca de actualidades en medicina práctica
_9187256
852 _aES-MaACL
_jC-4054
_bR.23741
999 _c142863
_d142863